| 000 | 00459nam a2200169Ia 4500 | ||
|---|---|---|---|
| 008 | 230711s9999||||xx |||||||||||||| ||und|| | ||
| 020 | _a978-81-85623-22-1 | ||
| 041 | _aENG | ||
| 082 |
_a5.133 _bLA-O |
||
| 100 | _aLafore, Robert | ||
| 245 | 4 | _aThe waite group's object oriented programming in Turbo C++ | |
| 250 | _a1st Ed. | ||
| 260 |
_c2015 _aNew Delhi _bGalgotia Publications Pvt.Ltd |
||
| 300 | _a739p. | ||
| 650 | _aComputer Engineering | ||
| 942 | _cBK | ||
| 999 |
_c6347 _d6347 |
||